| 000 | 00000cam 2200000zi 4500 |
| 001 | 9.962705 |
| 003 | CaOODSP |
| 005 | 20260511131455 |
| 006 | m o d f |
| 007 | cr cn||||||||| |
| 008 | 260511e202605##onca ob f000 0 eng d |
| 040 | |aCaOODSP|beng|erda|cCaOODSP |
| 043 | |an-cn--- |
| 045 | |ay1y2 |
| 086 | 1 |aYC36-0/451-9E-PDF |
| 100 | 1 |aManchanda, Amipal, |eauthor. |
| 245 | 10|aSenate expenditure comparison and trending analysis : |bfinal / |cAmipal Manchanda, CPA, CA, chief audit executive. |
| 264 | 1|a[Ottawa] : |bSenate, Canada = Sénat, Canada, |cMay 2026. |
| 300 | |a1 online resource (25 pages) : |bcolour illustrations. |
| 336 | |atext|btxt|2rdacontent |
| 337 | |acomputer|bc|2rdamedia |
| 338 | |aonline resource|bcr|2rdacarrier |
| 490 | 1 |a[Report of the Standing Committee on Audit and Oversight] ; |v[9th report, 45th Parliament, 1st Session] |
| 500 | |aIssued also in French under title: Dépenses du Sénat : comparaison des dépenses et analyse des tendances : version finale. |
| 500 | |a"Presentation to AOVS." |
| 504 | |aIncludes bibliographical references. |
| 610 | 10|aCanada. |bParliament. |bSenate|xAuditing. |
| 610 | 10|aCanada. |bParliament. |bSenate|xAppropriations and expenditures. |
| 710 | 1 |aCanada. |bParliament. |bSenate. |bStanding Committee on Audit and Oversight, |eissuing body. |
| 775 | 08|tDépenses du Sénat : |w(CaOODSP)9.962706 |
| 830 | #0|aReport of the Standing Committee on Audit and Oversight ;|v9th report, 45th Parliament, 1st Session.|w(CaOODSP)9.911981 |
| 856 | 40|qPDF|s1.51 MB|uhttps://publications.gc.ca/collections/collection_2026/sen/yc36-0/YC36-0-451-9-eng.pdf |